Statistics for Miami Heat 2010s Top 10 Leaders

Click here to take the quiz!

General Stats

  • This quiz has been taken 33 times
  • The average score is 10 of 16

Answer Stats

Player % Correct
Dwyane Wade
100%
Chris Bosh
100%
LeBron James
100%
Udonis Haslem
87%
Goran Dragic
80%
Mario Chalmers
77%
Hassan Whiteside
77%
Tyler Johnson
60%
James Johnson
60%
Justise Winslow
50%
Chris Andersen
50%
Shane Battier
47%
Joel Anthony
40%
Norris Cole
40%
Bam Adebayo
40%
Josh Richardson
37%

Score Distribution

Percentile by Number Answered

Percent of People with Each Score

Your Score History

You have not taken this quiz